| 000 | 01291nam a22002297a 4500 | ||
|---|---|---|---|
| 005 | 20160114091543.0 | ||
| 008 | 160114s1870 fr ||||fr|||| 001 0 esp d | ||
| 040 |
_cSandra Yazo _dSandra Yazo |
||
| 041 | 0 | _aspa | |
| 082 | 0 | 4 |
_220 _a516 |
| 092 | _a38N002 | ||
| 100 | 1 |
_aNúñez de Arenas Cañete, José María _974511 |
|
| 245 | 1 | 0 |
_aCatecismo de Geométría elemental _cDispuesto por D. José Nuñez de Arenas |
| 260 |
_aParís (Francia) _bLibrería de Rosa y Bouret _c1870 |
||
| 300 |
_a208 páginas _c16 x 10 cm. |
||
| 500 | _aDetalles físicos: Encuadernación rígida (holandesa). Tapa delantera con datos de publicación impresa y orla decorativa. Lomo en tela. Tapas con residuos de cinta pegante. Guarda. Portada impresa en una sola tinta, con un sello de tinta. Notas del autor. Texto impreso en una sola columna. Algunas ilustraciones al final del libro. Papel con algunas manchas. | ||
| 505 | 2 | _aExplicación de los signos más comunes usados en los cálculos matemáticos ; Las líneas recta y curva, y de sus diámetros, radio y cuerdas ; Los ángulos, medidas y construcción ; Las línea perpendiculares | |
| 506 | _aConsulta en sala | ||
| 650 | 7 |
_916369 _aGeometría _xLibros de texto |
|
| 690 |
_942870 _aMatemáticas |
||
| 942 |
_2LOCAL _cLIBRO _e1 _h38N002 |
||
| 999 |
_c302353 _d302353 |
||